Vyklikávanie v modernej ére PPC

PPC - Pay per click - je metóda, ktorá sa teší momentálne veľkej popularite. PPC stále najpopulárnejšia metóda spoplatnenia inzercie vo vyhľadávačoch. Metódy, ako realizovať vyklikávanie. Ochrana poskytovateľov služby.

Saved in:
Bibliographic Details
Main Author: Miklošík, Andrej
Format: Book Chapter
Language:Slovak
Subjects:
Tags: Add Tag
No Tags, Be the first to tag this record!

MARC

LEADER 00000nla$a2200000$$$4500
001 0136371
005 20240502072528.0
041 0 |a slo 
044 |a SK 
245 1 0 |a Vyklikávanie v modernej ére PPC  |c Andrej Miklošík 
520 |a PPC - Pay per click - je metóda, ktorá sa teší momentálne veľkej popularite. PPC stále najpopulárnejšia metóda spoplatnenia inzercie vo vyhľadávačoch. Metódy, ako realizovať vyklikávanie. Ochrana poskytovateľov služby. 
610 2 0 |a internet 
610 2 0 |a počítače 
610 2 0 |a marketing 
610 2 0 |a inzercia 
610 2 0 |a reklama 
100 1 |a Miklošík, Andrej